Quiz wiedzy ogólnej o skokach narciarskich #2 - Statystyki

Ogólne statystyki
  • Ten quiz został rozwiązany 57 razy
  • Średni wynik to 9 z 15
Statystyki odpowiedzi
Zagadnienie Odpowiedź % Poprawnych
Najwięcej zwycięstw z rzędu w klasyfikacji generalnej PŚ {Adam Małysz}(3 razy)
84%
Kto jest rekordzistą Słowenii w skoku narciarskim? {Peter Prevc}(250,0m)
84%
Kto jest rekordzistą Szwajcarii w skoku narciarskim? {Simon Amman}(239,5m)
84%
Skoczek, który najwięcej razy wystąpił w PŚ {Noriaki Kasai}(578 razy)
75%
Kto jest rekordzistą Niemiec w skoku narciarskim? {Markus Eisenbichler}(248,0m)
70%
Kto jest rekordzistą Norwegii w skoku narciarskim? {Robert Johansson}(252,0m)
70%
Najwięcej razy na podium w klasyfikacji generalnej PŚ {Janne Ahonen}(8 razy)
68%
Kto jest rekordzistą Stanów Zjednoczonych w skoku narciarskim? {Kevin Bickner}(244,5m)
68%
Najwięcej zwycięstw w konkursach PŚ w roku kalendarzowym {Adam Małysz}(17 razy)
61%
Najwięcej razy na podium w sezonie PŚ {Peter Prevc}(22 razy)
61%
Kto jest rekordzistą Rosji w skoku narciarskim? {Evgenii Klimov}(237,0m)
57%
Jedyny reprezentant Rumunii, który zdobył punkty w Pucharze Świata(2pkt) Daniel Andrei Cacina
50%
Pierwszy Polak, który stanął na poduim klasyfikacji generalnej PŚ {Stanisław Bobak}(1979/1980)
48%
Najwięcej razy na podium z rzędu w klasyfikacji generalnej PŚ {Armin Kogler|Matti Nykänen|Andreas Golberger} (4 razy)
32%
Jedyny grecki skoczek narciarski, który startował w Pucharze Świata Nikos Polichronidis
30%
Nie znaleziono quizów pasujących do podanych kryteriów
Rozkład punktacji
Procent ludzi z każdym wynikiem
Percentyl według liczby udzielonych odpowiedzi
Twoja historia wyników
Nie rozwiązałeś tego quizu